[Event "GBR-ch 111th"]
[Site "Liverpool"]
[Date "2025.08.10"]
[Round "9.35"]
[White "Shafi, Declan"]
[Black "Harborne, Matthew J"]
[Result "1-0"]
[WhiteElo "2183"]
[BlackElo "2048"]
[PlyCount "77"]
[EventDate "2025.08.02"]
[EventType "swiss"]
[EventRounds "9"]
[EventCountry "GBR"]
[SourceTitle "BritBase"]
[Source "John Saunders"]
[SourceDate "2025.08.11"]
[SourceVersion "1"]
[SourceVersionDate "2025.08.11"]
[SourceQuality "1"]

1. e4 c6 2. d4 d5 3. Nc3 dxe4 4. Nxe4 Nf6 5. Nxf6+ exf6 6. Be3 Bd6 7. Bd3 O-O 8. Ne2 Bg4 9. h3 Bf5 10. O-O Bxd3 11. Qxd3 Qc7 12. c4 Rd8 13. Rfd1 Nd7 14. Qc2 c5 15. Nc3 cxd4 16. Nd5 Qc6 17. Rxd4 Nf8 18. Rad1 Kh8 19. b4 Be5 20. R4d2 b5 21. f4 Bc7 22. cxb5 Qxc2 23. Rxc2 Bd6 24. Rcd2 Re8 25. Kf2 Rab8 26. a4 Rb7 27. Nxf6 Rxe3 28. Rxd6 Ra3 29. Nd7 Ra2+ 30. Kg1 Rc7 31. Nc5 g6 32. Re1 Ne6 33. Rc6 Re7 34. a5 Rb2 35. Re4 Re8 36. b6 axb6 37. axb6 Rd8 38. Nxe6 fxe6 39. b7 1-0

[Event "GBR-ch 111th"]
[Site "Liverpool"]
[Date "2025.08.10"]
[Round "9.36"]
[White "Pereslavtsev, Alexandr"]
[Black "Eames, Robert S"]
[Result "0-1"]
[WhiteElo "2079"]
[BlackElo "2136"]
[PlyCount "102"]
[EventDate "2025.08.02"]
[EventType "swiss"]
[EventRounds "9"]
[EventCountry "GBR"]
[SourceTitle "BritBase"]
[Source "John Saunders"]
[SourceDate "2025.08.11"]
[SourceVersion "1"]
[SourceVersionDate "2025.08.11"]
[SourceQuality "1"]

1. d4 Nf6 2. c4 e6 3. Nf3 Bb4+ 4. Bd2 c5 5. e3 O-O 6. Bd3 b6 7. Bxb4 cxb4 8. Nbd2 Bb7 9. O-O d6 10. Qc2 Nbd7 11. Rfd1 Qe7 12. Rac1 Rfc8 13. b3 a5 14. Ne4 g6 15. Ng3 e5 16. dxe5 dxe5 17. Be4 Nxe4 18. Nxe4 Nc5 19. Nd6 Bxf3 20. gxf3 Rd8 21. Nb5 e4 22. fxe4 Nxe4 23. Rxd8+ Rxd8 24. Rd1 Qg5+ 25. Kf1 Rxd1+ 26. Qxd1 Qh4 27. Qc2 Qh3+ 28. Kg1 Qg4+ 29. Kf1 Qf3 30. Kg1 Ng5 31. Qd2 Nh3+ 32. Kf1 Qh1+ 33. Ke2 Ng1+ 34. Kd3 Nf3 35. Qb2 Qd1+ 36. Ke4 Nxh2 37. Qf6 Ng4 38. Qe7 Nxf2+ 39. Ke5 Ng4+ 40. Kf4 h5 41. Nd6 Qf1+ 42. Kg5 Qf3 43. Qd8+ Kg7 44. Ne8+ Kh7 45. Qxb6 Qf5+ 46. Kh4 Kh6 47. e4 Qf4 48. Qd6 Ne5+ 49. Kh3 Qg4+ 50. Kh2 Nf3+ 51. Kh1 Qg1# 0-1

[Event "GBR-ch 111th"]
[Site "Liverpool"]
[Date "2025.08.10"]
[Round "9.37"]
[White "Chan, Sheng Liang Bernard"]
[Black "Patel, Zain"]
[Result "0-1"]
[WhiteElo "2098"]
[BlackElo "2048"]
[PlyCount "144"]
[EventDate "2025.08.02"]
[EventType "swiss"]
[EventRounds "9"]
[EventCountry "GBR"]
[SourceTitle "BritBase"]
[Source "John Saunders"]
[SourceDate "2025.08.11"]
[SourceVersion "1"]
[SourceVersionDate "2025.08.11"]
[SourceQuality "1"]

1. d4 Nf6 2. Bf4 d5 3. e3 e6 4. Nf3 c5 5. Nbd2 Bd6 6. Bb5+ Nc6 7. dxc5 Bxc5 8. O-O O-O 9. c4 Qe7 10. Rc1 h6 11. a3 a6 12. cxd5 Nxd5 13. Bxc6 Nxf4 14. exf4 bxc6 15. Ne4 Ba7 16. Ne5 c5 17. Qd6 Qb7 18. Nc6 Bb8 19. Ne7+ Kh7 20. Qd3 Kh8 21. Ng5 g6 22. Qc3+ e5 23. Nxc8 Qxc8 24. Nf3 Qe6 25. Qxc5 Bd6 26. Qe3 exf4 27. Qd4+ Kh7 28. Rc6 Rfd8 29. Rd1 Be5 30. Rxe6 Bxd4 31. Ree1 Bxb2 32. a4 Rxd1 33. Rxd1 Rc8 34. Nd2 Rd8 35. Kf1 Rd4 36. a5 Bc3 37. Ke2 Bxa5 38. Nb3 Ra4 39. Nxa5 Rxa5 40. Kf3 Ra4 41. h4 Kg7 42. Rd6 a5 43. Ra6 Ra2 44. g4 fxg3 45. Kxg3 a4 46. Kg2 a3 47. Kg3 Ra1 48. Kg2 Kf8 49. Ra7 Ke8 50. Kh2 Kd8 51. Rxf7 Rf1 52. Ra7 Rxf2+ 53. Kg3 Ra2 54. Ra6 Ra1 55. Kg2 a2 56. Ra7 Kc8 57. Kh2 Kb8 58. Ra3 Kb7 59. Kg2 Kb6 60. h5 g5 61. Ra8 Kc5 62. Ra4 Kd5 63. Kh2 Ke5 64. Kg2 Kf5 65. Kh2 Rb1 66. Rxa2 Kg4 67. Ra4+ Kxh5 68. Ra3 g4 69. Kg3 Rb5 70. Ra8 Rb3+ 71. Kf4 Rf3+ 72. Ke4 Rf7 0-1

[Event "GBR-ch 111th"]
[Site "Liverpool"]
[Date "2025.08.10"]
[Round "9.38"]
[White "Ashworth, Michael J"]
[Black "Hryshchenko, Kamila"]
[Result "1-0"]
[WhiteElo "2053"]
[BlackElo "2097"]
[PlyCount "61"]
[EventDate "2025.08.02"]
[EventType "swiss"]
[EventRounds "9"]
[EventCountry "GBR"]
[SourceTitle "BritBase"]
[Source "John Saunders"]
[SourceDate "2025.08.11"]
[SourceVersion "1"]
[SourceVersionDate "2025.08.11"]
[SourceQuality "1"]

1. d4 b6 2. Nf3 e6 3. g3 Bb7 4. Bg2 Ne7 5. O-O g6 6. c4 Bg7 7. Nc3 d6 8. e4 O-O 9. Be3 h6 10. Rc1 Nd7 11. Qd2 Kh7 12. Rfd1 Rb8 13. Ne1 a6 14. f4 d5 15. cxd5 exd5 16. e5 c6 17. Bf2 Rg8 18. Nc2 Nf8 19. Ne3 Bc8 20. g4 f5 21. exf6 Bxf6 22. Qd3 Kh8 23. Bg3 Ra8 24. Ne2 a5 25. f5 g5 26. Qd2 Bb7 27. Kh1 Qd7 28. Ng1 h5 29. gxh5 Nxf5 30. Nxf5 Qxf5 31. Rf1 1-0

[Event "GBR-ch 111th"]
[Site "Liverpool"]
[Date "2025.08.10"]
[Round "9.39"]
[White "Deepak Ambattu, Rithvik"]
[Black "Gunarathne, Senith"]
[Result "1-0"]
[WhiteElo "1990"]
[BlackElo "1918"]
[PlyCount "117"]
[EventDate "2025.08.02"]
[EventType "swiss"]
[EventRounds "9"]
[EventCountry "GBR"]
[SourceTitle "BritBase"]
[Source "John Saunders"]
[SourceDate "2025.08.11"]
[SourceVersion "1"]
[SourceVersionDate "2025.08.11"]
[SourceQuality "1"]

1. e4 c5 2. Nf3 d6 3. d4 cxd4 4. Nxd4 Nf6 5. Nc3 a6 6. Be3 e5 7. Nb3 Be6 8. f3 Be7 9. Qd2 Nbd7 10. O-O-O b5 11. a3 O-O 12. g4 Rc8 13. g5 Nh5 14. Nd5 Bxd5 15. exd5 Nb6 16. Na5 Nxd5 17. Qxd5 Qxa5 18. Bd3 Qa4 19. Kb1 Rb8 20. Rhg1 Nf4 21. Bxf4 Qxf4 22. Rg4 Qe3 23. g6 hxg6 24. Rxg6 Qc5 25. Rdg1 Bf6 26. Qxc5 dxc5 27. Rxf6 c4 28. Be4 b4 29. axb4 Rxb4 30. c3 Rb5 31. Rxa6 Rfb8 32. Rg2 Rb3 33. Ra8 g6 34. Rxb8+ Rxb8 35. Bd5 Kg7 36. Bxc4 f5 37. Bd5 Rd8 38. c4 Kf6 39. b4 Re8 40. Kc2 e4 41. fxe4 fxe4 42. Kd2 Rh8 43. Bxe4 Ke5 44. Ke3 Rh3+ 45. Bf3 Rh4 46. Rc2 g5 47. c5 g4 48. Bg2 Rxh2 49. c6 Kd6 50. c7 Rxg2 51. c8=Q Rg3+ 52. Kf4 Rf3+ 53. Kxg4 Rf7 54. Rc6+ Ke5 55. Qe6+ Kd4 56. Rc4+ Kd3 57. Qe4+ Kd2 58. Rc2+ Kd1 59. Qe2# 1-0

[Event "GBR-ch 111th"]
[Site "Liverpool"]
[Date "2025.08.10"]
[Round "9.40"]
[White "Korsinskij, Marek"]
[Black "Honey, Luke"]
[Result "1/2-1/2"]
[WhiteElo "1727"]
[BlackElo "2082"]
[PlyCount "43"]
[EventDate "2025.08.02"]
[EventType "swiss"]
[EventRounds "9"]
[EventCountry "GBR"]
[SourceTitle "BritBase"]
[Source "John Saunders"]
[SourceDate "2025.08.11"]
[SourceVersion "1"]
[SourceVersionDate "2025.08.11"]
[SourceQuality "1"]

1. d4 d5 2. Nf3 Nf6 3. e3 Bf5 4. c4 c6 5. Qb3 Qc7 6. cxd5 cxd5 7. Nc3 e6 8. Bd2 Nc6 9. Rc1 a6 10. Ne5 Bd6 11. Bd3 Bxd3 12. Nxd3 O-O 13. h3 Na5 14. Qd1 Qd8 15. O-O Nc4 16. b3 Nxd2 17. Qxd2 Rc8 18. Na4 Ne4 19. Qb2 Bc7 20. Nac5 Nxc5 21. Nxc5 Rb8 22. Rc2 1/2-1/2

[Event "GBR-ch 111th"]
[Site "Liverpool"]
[Date "2025.08.10"]
[Round "9.41"]
[White "Weersing, Abigail R"]
[Black "Nevska, Gerda"]
[Result "1-0"]
[WhiteElo "2056"]
[BlackElo "1799"]
[PlyCount "65"]
[EventDate "2025.08.02"]
[EventType "swiss"]
[EventRounds "9"]
[EventCountry "GBR"]
[SourceTitle "BritBase"]
[Source "John Saunders"]
[SourceDate "2025.08.11"]
[SourceVersion "1"]
[SourceVersionDate "2025.08.11"]
[SourceQuality "1"]

1. d4 Nc6 2. c4 e5 3. d5 Nce7 4. e4 Nf6 5. Nc3 Ng6 6. g3 Bc5 7. Bg2 d6 8. Nf3 a5 9. O-O Bd7 10. Qe2 Qc8 11. Be3 Bxe3 12. Qxe3 Bh3 13. Nb5 Bxg2 14. Kxg2 h5 15. h4 Qd7 16. Rad1 Rc8 17. Rh1 Qg4 18. Ng5 Nf4+ 19. Kh2 Qxd1 20. Rxd1 Ng4+ 21. Kg1 Nxe3 22. fxe3 Ng6 23. c5 Ke7 24. Rf1 Rhf8 25. Nh7 Rh8 26. Ng5 Rhf8 27. cxd6+ cxd6 28. Nxf7 Rc2 29. Nfxd6 Rxf1+ 30. Kxf1 Rxb2 31. a4 Rb4 32. Nxb7 Rxa4 33. d6+ 1-0

[Event "GBR-ch 111th"]
[Site "Liverpool"]
[Date "2025.08.10"]
[Round "9.42"]
[White "Carpenter, Paul A"]
[Black "Bharat Kumar, Balahari"]
[Result "0-1"]
[WhiteElo "1922"]
[BlackElo "2052"]
[PlyCount "100"]
[EventDate "2025.08.02"]
[EventType "swiss"]
[EventRounds "9"]
[EventCountry "GBR"]
[SourceTitle "BritBase"]
[Source "John Saunders"]
[SourceDate "2025.08.11"]
[SourceVersion "1"]
[SourceVersionDate "2025.08.11"]
[SourceQuality "1"]

1. b3 Nf6 2. Bb2 g6 3. e3 Bg7 4. g3 O-O 5. Bg2 c5 6. d3 d5 7. Ne2 Nc6 8. Nd2 e5 9. h3 Be6 10. a3 Ne8 11. O-O Nd6 12. c4 d4 13. exd4 cxd4 14. Nf3 h6 15. Re1 a5 16. Rb1 Qd7 17. Kh2 b5 18. Qd2 bxc4 19. bxc4 a4 20. Nfg1 Rfc8 21. Rec1 Nb7 22. f4 Nc5 23. Rd1 Bf5 24. Nc1 h5 25. fxe5 Bxe5 26. Nf3 Bg7 27. Qf2 Rab8 28. Nh4 Be6 29. Ne2 Ne5 30. Nf4 Bg4 31. Bf3 g5 32. hxg4 gxf4 33. gxf4 Ncxd3 34. Qg2 Nxb2 35. Rxb2 Rxb2 36. Qxb2 Nxg4+ 37. Kg3 Ne3 38. Rd3 Rxc4 39. Bxh5 Rc2 40. Qb8+ Bf8 41. Qb1 Be7 42. Qg1 Bxh4+ 43. Kxh4+ Rg2 44. Qxe3 Rh2+ 45. Qh3 Rxh3+ 46. Rxh3 Qe7+ 47. Kg4 f5+ 48. Kg3 Qxa3+ 49. Bf3 Qe3 50. Rh5 Qd3 0-1

[Event "GBR-ch 111th"]
[Site "Liverpool"]
[Date "2025.08.10"]
[Round "9.43"]
[White "Ashbrooke, Monika"]
[Black "Strade, Arita"]
[Result "0-1"]
[WhiteElo "1591"]
[BlackElo "1971"]
[PlyCount "76"]
[EventDate "2025.08.02"]
[EventType "swiss"]
[EventRounds "9"]
[EventCountry "GBR"]
[SourceTitle "BritBase"]
[Source "John Saunders"]
[SourceDate "2025.08.11"]
[SourceVersion "1"]
[SourceVersionDate "2025.08.11"]
[SourceQuality "1"]

1. d4 Nf6 2. Nf3 g6 3. g3 Bg7 4. Bg2 O-O 5. O-O h6 6. c4 d6 7. Nc3 Nbd7 8. Be3 Ng4 9. Qd2 c6 10. Rac1 Nxe3 11. Qxe3 e5 12. dxe5 Nxe5 13. Nxe5 dxe5 14. Rfd1 Qc7 15. b4 f5 16. b5 e4 17. Qc5 Qe5 18. Na4 Re8 19. bxc6 bxc6 20. Qxc6 Be6 21. Qc5 Rec8 22. Qxe5 Bxe5 23. c5 Bxa2 24. Nc3 Bb3 25. Nd5 Kf7 26. Rd2 Ke6 27. Nf4+ Kf6 28. Nd5+ Kf7 29. Ne3 a5 30. Nc4 Bxc4 31. Rxc4 a4 32. Ra2 a3 33. f3 Rxc5 34. Rxc5 Bd4+ 35. Kf1 Bxc5 36. fxe4 Rb8 37. Ra1 a2 38. Rxa2 Rb1# 0-1